Top 50 Länder mit den meisten Einwohnern - Statistiken

Allgemein
  • Dieses Quiz wurde 3.201 mal gespielt
  • Das Durchschnittsergebnis liegt bei 35 aus 50
Antwortstatistiken
Hint Antwort % Korrekt
1 415 000 000 China
100%
1 354 000 000 Indien
99%
82 000 000 Deutschland
98%
326 000 000 Vereinigte Staaten
98%
65 000 000 Frankreich
96%
143 000 000 Russland
96%
210 000 000 Brasilien
95%
127 000 000 Japan
93%
46 000 000 Spanien
92%
130 000 000 Mexiko
91%
44 000 000 Argentinien
89%
59 000 000 Italien
87%
36 000 000 Kanada
86%
57 000 000 Südafrika
86%
99 000 000 Ägypten
85%
266 000 000 Indonesien
85%
195 000 000 Nigeria
83%
81 000 000 Türkei
83%
66 000 000 Vereinigtes Königreich
83%
200 000 000 Pakistan
80%
38 000 000 Polen
79%
82 000 000 Iran
78%
44 000 000 Ukraine
77%
84 000 000 DR Kongo
75%
51 000 000 Südkorea
75%
69 000 000 Thailand
74%
49 000 000 Kolumbien
73%
39 000 000 Irak
72%
33 000 000 Saudi-Arabien
72%
166 000 000 Bangladesch
71%
42 000 000 Algerien
70%
36 000 000 Marokko
70%
96 000 000 Vietnam
70%
32 000 000 Peru
65%
106 000 000 Philippinen
61%
36 000 000 Afghanistan
59%
107 000 000 Äthiopien
57%
41 000 000 Sudan
56%
32 000 000 Venezuela
56%
32 000 000 Malaysia
54%
50 000 000 Kenia
53%
53 000 000 Myanmar
47%
59 000 000 Tansania
47%
29 000 000 Ghana
46%
30 000 000 Angola
42%
30 000 000 Mosambik
30%
28 000 000 Jemen
29%
44 000 000 Uganda
29%
32 000 000 Usbekistan
28%
29 000 000 Nepal
27%
Keine übereinstimmenden Quizze gefunden
Verteilung der Resultate
Anzahl Personen mit jedem Resultat
Perzentil nach korrekt beantworteten Fragen
Ihre Resultats-Entwicklung
Sie haben dieses Quiz noch nicht gespielt